El comportamiento administrativo (Registro nro. 2352)
[ vista simple ]
| 000 -LEADER | |
|---|---|
| fixed length control field | 01209 a2200205 4500 |
| 001 - CONTROL NUMBER | |
| control field | 33441 |
| 005 - DATE AND TIME OF LATEST TRANSACTION | |
| control field | 20260407155626.0 |
| 008 - FIXED-LENGTH DATA ELEMENTS--GENERAL INFORMATION | |
| fixed length control field | 260407a1971 arg spa d |
| 003 - CONTROL NUMBER IDENTIFIER | |
| control field | AR-UNSa-BCEJYS |
| 040 ## - CATALOGING SOURCE | |
| Original cataloging agency | AR-UNSa-BCEJYS |
| Language of cataloging | spa |
| Transcribing agency | AR-UNSa-BCEJYS |
| 080 ## - UNIVERSAL DECIMAL CLASSIFICATION NUMBER | |
| Universal Decimal Classification number | 658.012.2 |
| Common auxiliary subdivision | Planificación. Programas. Planes. Medidas de apoyo a la planificación( Administración estratégica...) |
| 100 1# - MAIN ENTRY--PERSONAL NAME | |
| Personal name | Simon, Herbert A. |
| 245 10 - TITLE STATEMENT | |
| Title | El comportamiento administrativo |
| Name of part/section of a work | estudio de los procesos de adopción de decisiones en la organización administrativa |
| 264 #1 - PRODUCTION, PUBLICATION, DISTRIBUTION, MANUFACTURE, AND COPYRIGHT NOTICE | |
| Place of production, publication, distribution, manufacture | Madrid : |
| Name of producer, publisher, distributor, manufacturer | Aguilar |
| Date of production, publication, distribution, manufacture, or copyright notice | 1971 |
| 300 ## - PHYSICAL DESCRIPTION | |
| Extent | 240 p. |
| Dimensions | 22 cm. |
| 505 ## - FORMATTED CONTENTS NOTE | |
| Formatted contents note | 1. La toma de decisiones y la organización administrativa - 2. Algunos problemas de la teoría administrativa - 3 Hechos y valores en la toma de decisiones - 4. La racionalidad en el comportamiento administrativo - 5. La psicología de la decisiones administrativas - 6. El equilibrio de la organización - 7. El papel de la autoridad - 8. Comuinicación - 9. El criterio de eficiencia - 10. Lealtades e identificación organizativa - 11. La anatomía de la organización - Apéndice |
| 590 ## - LOCAL NOTE (RLIN) | |
| Local note | niveau_biblio:m niveau_hierar:0 |
| 700 1# - ADDED ENTRY--PERSONAL NAME | |
| Personal name | Ros, Amando Lazaro |
| 942 ## - ADDED ENTRY ELEMENTS (KOHA) | |
| Koha item type | |
| Withdrawn status | Lost status | Damaged status | Not for loan | Home library | Current library | Shelving location | Date acquired | Total checkouts | Full call number | Barcode | Date last seen | Price effective from | Koha item type |
|---|---|---|---|---|---|---|---|---|---|---|---|---|---|
| Biblioteca Prof. Eusebio Cleto del Rey | Biblioteca Prof. Eusebio Cleto del Rey | 07/04/2026 | 658.012.2 S594 | L24671 | 07/04/2026 | 07/04/2026 | Libro | ||||||
| Biblioteca Prof. Eusebio Cleto del Rey | Biblioteca Prof. Eusebio Cleto del Rey | 07/04/2026 | 658.012.2 S594 | L24672 | 07/04/2026 | 07/04/2026 | Libro |